ห้องสมุด วิทยาลัยพยาบาลบรมราชชนนี อุดรธานี
Boromarajonani College of Nursing, Udonthani
เปลี่ยนเป็นภาษาไทย

Change to English
 แสดงรายละเอียดบรรณานุกรม
  กลับหน้าหลัก

Brief Record : Get Marc (ISO 2709) : E-mail record : QR code ปิดหน้าต่าง
หนังสืออ้างอิง : เกี่ยวกับ Collections
mysqli: Table './ulib2015/stat_globaluid' is marked as crashed and last (automatic?) repair failed
select id from stat_globaluid where statuid='20260419070401_1200' 
mysqli: Table './ulib2015/stat_globaluid' is marked as crashed and last (automatic?) repair failed
DELETE FROM stat_globaluid
			WHERE id NOT IN (
			  SELECT id
			  FROM (
				SELECT id
				FROM stat_globaluid
				ORDER BY id DESC
				LIMIT 100
			  ) foo
			); 
mysqli: Table './ulib2015/stat_globaluid' is marked as crashed and last (automatic?) repair failed
insert into stat_globaluid set
		statuid='20260419070401_1200',
		dt='1776557041',
		phpself='/ULIB/dublinfull.php',
		agent='Mozilla/5.0 AppleWebKit/537.36 (KHTML, like Gecko; compatible; ClaudeBot/1.0; +claudebot@anthropic.com)',
		yea='2026',
		mon='4',
		dat='19',
		ip='216.73.216.142'
		
		
LEADER 00674nam 2200229 a 4500
001    12379
003     ULIBM
008    190811s2536 th m a001 0 tha d
020    ^a974-586-944-9
050  4 ^aQV55^bน149ย 2536
245 10 ^aยาใหม่ในประเทศไทย เล่ม 5/^cนงลักษณ์ สุขวาณิชย์ศิลป์
250    ^aพิมพ์ครั้งที่ 1.
260    ^aกรุงเทพฯ:^bไทยมิตรการพิมพ์,^c2536
300    ^a 170 หน้า.
650  7 ^aยา
700 0  ^aยาใหม่ในประเทศไทย
945    ^p0^l0^i8117
945    ^p0^l0^i8118
945    ^p0^l0^i8120
945    ^p0^l0^i8409
945    ^p0^l0^i8410
945    ^p0^l0^i10713
999     ^aลิขิตลักษณ์
รายการนี้ยังไม่มีแท็ก
คุณยังไม่ได้ล็อกอิน คุณสามารถมีกิจกรรมร่วมกับเว็บไซต์ได้ แต่ต้องล็อกอินก่อน ::
  ล็อกอิน
ลำดับที่ ประเภท เลขเรียก/บาร์โค้ด สถานที่ สถานะ
1. วิทยาศาสตร์สุขภาพ
วิทยาศาสตร์สุขภาพ
QV55 น149ย 2536  
  Barcode: 8117
หนังสือทั่วไป On Shelf
2. วิทยาศาสตร์สุขภาพ
วิทยาศาสตร์สุขภาพ
QV55 น149ย 2536 ฉ.2 
  Barcode: 8118
หนังสือทั่วไป On Shelf
3. วิทยาศาสตร์สุขภาพ
วิทยาศาสตร์สุขภาพ
QV55 น149ย 2536 ฉ.3 
  Barcode: 8120
หนังสือทั่วไป On Shelf
4. วิทยาศาสตร์สุขภาพ
วิทยาศาสตร์สุขภาพ
QV55 น149ย 2536 ฉ.4 
  Barcode: 8409
หนังสือทั่วไป On Shelf
5. วิทยาศาสตร์สุขภาพ
วิทยาศาสตร์สุขภาพ
QV55 น149ย 2536 ฉ.5 
  Barcode: 8410
หนังสือทั่วไป On Shelf
6. วิทยาศาสตร์สุขภาพ
วิทยาศาสตร์สุขภาพ
QV55 น149ย 2536 ฉ.6 
  Barcode: 10713
หนังสือทั่วไป On Shelf
   [แสดง 6/6 รายการ]

mysqli: Can't create/write to file '/var/tmp/#sql_59d_0.MAI' (Errcode: 2)
select * from index_db where titl like '%ยาใหม่ในประเทศไทย เล่ม 5/ นงลักษณ์  สุขวาณิชย์ศิลป์%' and mid<>'12379'  order by rand() limit 3
mysqli: Can't create/write to file '/var/tmp/#sql_59d_0.MAI' (Errcode: 2)
select * from index_db where subj like '%ยา%' and mid<>'12379'  order by rand() limit 3

BibComment


ยังไม่เคยถูกคอมเมนท์

คอมเมนท์ทรัพยากรรายการนี้
  คอมเมนท์: ยาใหม่ในประเทศไท..
Bib 12379

 
 
 

 Union Library Management : ULibM
Copyright 2026. All Rights Reserved.